|
|
|
|
| LEADER |
00940nam a2200229 a 4500 |
| 008 |
090602s2004 at a sb 001 0 eng d |
| 020 |
|
|
|z 1865089656
|
| 020 |
|
|
|z 9781865089652
|
| 020 |
|
|
|z 1865089652
|
| 040 |
|
|
|a CtWfDGI
|b eng
|c CtWfDGI
|
| 082 |
|
|
|a 658.3/125
|2 22
|
| 100 |
1 |
|
|a Webb, James,
|d 1941-
|
| 245 |
1 |
0 |
|a Putting management back into performance :
|b a handbook for managers and supervisors /
|c James Webb.
|
| 260 |
|
|
|a Crows Nest, N.S.W. :
|b Allen & Unwin,
|c 2004
|
| 300 |
|
|
|a xiii, 296 p. :
|b ill. ;
|c 24 cm.
|
| 504 |
|
|
|a Includes bibliographical references [p.286-287] and index.
|
| 541 |
1 |
|
|e 00013325
|
| 650 |
0 |
|
|a Performance
|x Management.
|
| 650 |
0 |
|
|a Personnel management.
|
| 852 |
4 |
|
|a Ayesha Abed Library
|j General shelf
|
| 999 |
|
|
|c 1213
|d 1213
|
| 952 |
|
|
|0 0
|1 0
|2 ddc
|4 0
|6 658_312500000000000_WEB
|7 0
|9 1098
|a BRACUL
|b BRACUL
|c GEN
|d 2009-06-25
|g 611.00
|l 0
|o 658.3125 WEB
|p 3010013325
|r 2009-06-25
|t 1
|v 1222.00
|w 2009-06-25
|y BK
|